|
|
|
|
| LEADER |
00927nam a2200241 a 4500 |
| 001 |
12419376 |
| 008 |
091109s2002 maua b 001 0 eng d |
| 010 |
|
|
|a \\2001037065
|
| 020 |
|
|
|a 0072340894 (pbk. : alk. paper)
|
| 040 |
|
|
|a DLC
|c DLC
|d DLC
|
| 082 |
0 |
0 |
|a 339
|2 21
|
| 100 |
1 |
|
|a McConnell, Campbell R.
|
| 245 |
1 |
0 |
|a Macroeconomics :
|b principles, problems, and policies /
|c Campbell R. McConnell, Stanley L. Brue.
|
| 250 |
|
|
|a 15th ed.
|
| 260 |
|
|
|a Boston :
|b McGraw-Hill,
|c c2002.
|
| 300 |
|
|
|a 1 v. (various pagings) :
|b col. ill., maps ;
|c 26 cm.
|
| 504 |
|
|
|a Includes bibliographical references and index.
|
| 541 |
1 |
|
|e 00017371
|
| 650 |
|
0 |
|a Macroeconomics.
|
| 700 |
1 |
|
|a Brue, Stanley L.,
|d 1945-
|
| 852 |
4 |
|
|a Ayesha Abed Library
|j General shelf
|
| 999 |
|
|
|c 5308
|d 5308
|
| 952 |
|
|
|0 0
|1 0
|2 ddc
|4 0
|6 339_MAC
|7 0
|9 5159
|a BRACUL
|b BRACUL
|c GEN
|d 2009-11-09
|g 400.00
|l 6
|m 30
|o 339 MAC
|p 3010017371
|r 2015-02-20
|s 2015-01-31
|t 1
|v 800.00
|w 2009-11-09
|y BK
|